Statistics for Top 15 Countries with Covid-19 Cases - 25 Apr 2021

Click here to take the quiz!

General Stats

  • This quiz has been taken 16 times
  • The average score is 16 of 28

Answer Stats

country% Correct
United States
100%
France
94%
Russia
94%
United Kingdom
94%
Germany
88%
Italy
88%
Spain
88%
Brazil
81%
India
81%
Mexico
75%
Portugal
75%
Argentina
63%
Netherlands
63%
Turkey
63%
Colombia
56%
Poland
56%
Belgium
50%
Sweden
50%
Croatia
31%
Estonia
31%
Hungary
31%
Iran
31%
Lithuania
31%
Czechia
25%
Israel
19%
Slovenia
19%
Bahrain
6%
Panama
6%

Score Distribution

Percentile by Number Answered

Percent of People with Each Score

Your Score History

You have not taken this quiz